000 01135cam a2200349 4500
001 ABS65049
008 020124n2001 000 0 eng u
035 _a(Sirsi) u116437
245 _aProperty Week: international supplement
260 _c2001
490 _aProperty Week
_vNovember 2001(48) LOAN
520 _aReviews the property markets of Warsaw and Moscow since the collapse of the Berlin Wall. Also provides commentary on Prague, Budapest and the Marks & Spencer European sell-off.
590 _aABS
650 _aWARSAW
650 _aSHOPPING CENTRES
650 _aMOSCOW
650 _aPOLAND
650 _aGERMANY
650 _aPRAGUE
650 _aBUDAPEST
650 _aPROPERTY-COMMERCIAL PROPERTY-RETAIL PROPERTY-RETAIL PROPERTY MARKET
650 _aPROPERTY-COMMERCIAL PROPERTY-OFFICE PROPERTY-OFFICE PROPERTY MARKET
650 _aPROPERTY-COMMERCIAL PROPERTY-COMMERCIAL PROPERTY MARKET
650 _aRUSSIA
650 _aCZECH REPUBLIC
650 _aINDUSTRIAL MARKET
650 _aECONOMY
650 _aMARKS & SPENCER
650 _aEUROPE
690 _aINTERNATIONAL
942 _n0
999 _c69360
_d69360